Normal view
MARC view
- Reade, William Winwood
Entry Personal Name
001 - CONTROL NUMBER
- control field: 49347
003 - CONTROL NUMBER IDENTIFIER
- control field: NUST
005 - DATE AND TIME OF LATEST TRANSACTION
- control field: 20210314134317.0
008 - FIXED-LENGTH DATA ELEMENTS
- fixed length control field: 210314|| aca||aabn | a|a d
040 ## - CATALOGING SOURCE
- Original cataloging agency: NUST
- Transcribing agency: NUST
100 ## - HEADING--PERSONAL NAME
- Personal name: Reade, William Winwood
670 ## - SOURCE DATA FOUND
- Source citation: Work cat.: (NUST): Reade, William Winwood,, The martyrdom of man,, [1931]
